Paths of human economy / (Record no. 141974)

MARC details
000 -LEADER
fixed length control field 00688nam a22002297a 4500
005 - DATE AND TIME OF LATEST TRANSACTION
control field 20170627095348.0
010 ## - LCCN (DPL NO)
LC control number ENG-118921
020 ## - INTERNATIONAL STANDARD BOOK NUMBER
International Standard Book Number 9788479663523
Terms of availability 400.00
035 ## - SYSTEM CONTROL NUMBER
System control number EN-102453
037 ## - SOURCE OF ACQUISITION
Source of stock number/acquisition DBAD/PUB
082 ## - DEWEY DECIMAL CLASSIFICATION NUMBER
Classification number 337
100 ## - MAIN ENTRY--PERSONAL NAME
Personal name Arokiasamy, Lourthusamy
245 ## - TITLE STATEMENT
Title Paths of human economy /
Statement of responsibility, etc by Lourthusamy Arokiasamy...at all
260 ## - PUBLICATION, DISTRIBUTION, ETC. (IMPRINT)
Place of publication, distribution, etc Chennai
Name of publisher, distributor, etc Emerald Publishers
Date of publication, distribution, etc 2017
270 ## - ADDRESS
Address 15A, First Floor, Casa Major Road Emerald, Chennai-600008
300 ## - PHYSICAL DESCRIPTION
Extent 286p
Dimensions 23cm.(pbk)
700 ## - ADDED ENTRY--PERSONAL NAME
Personal name Arokiasamy, Lourthusamy
700 ## - ADDED ENTRY--PERSONAL NAME
Personal name Berthelot, Yves
700 ## - ADDED ENTRY--PERSONAL NAME
Personal name Lalane, Andres
700 ## - ADDED ENTRY--PERSONAL NAME
Personal name Razafimbelo, Lily
942 ## - ADDED ENTRY ELEMENTS (KOHA)
Source of classification or shelving scheme Dewey Decimal Classification
Item type English Books
Classification part 337
Call number suffix ARO
Holdings
Withdrawn status Lost status Not for loan Collection code Home library Current library Date acquired Source of acquisition Cost, normal purchase price Full call number Barcode Copy number Cost, replacement price Koha item type
      Non-fiction Shahdara Branch Shahdara Branch 23/06/2017 DBAD/PUB 400.00 337 ARO EN-102453 1 400.00 English Books

© Delhi Public Library
Hit Counter
free hit counter